000 00202 a2200085 4500
999 _c206529
_d206529
020 _a9781785481451
100 _aLe Roux, Muriel
245 _aNavelbine and Taxotere: histories of sciences
260 _c2017